Zgadnij co to za kraj (nie wszystkie kraje) - Statystyki

Ogólne statystyki
  • Ten quiz został rozwiązany 69 razy
  • Średni wynik to 20 z 43
Statystyki odpowiedzi
Podpowiedź Odpowiedź % Poprawnych
słynna Wieża Eiffla znajduje się tam Francja
88%
dwa popularne miasta to Lizbona i Porto Portugalia
82%
Północna i Południowa w Azji Korea
82%
Bardzo małe graniczące z włochami ale nie jest to Watykan San Marino
81%
kraj nordycki z żółtym Szwecja
81%
posiada Alaske Stany Zjednoczone / USA
79%
państwo nordyckie nad morzem Północnym i Oceanie Arktycznym Norwegia
77%
Stolica to Amsterdam Holandia
74%
jeden z najsilniejszych krajów na świecie Rosja
72%
Podstawa w tym kraju to rosół Polska
70%
Stara stolica to Zurich Szwajcaria
70%
kraj nordycki graniczący przez morze z polską i nie ma żóltego na fladze Finlandia
68%
Ma kropkę na fladze i graniczy z Chinami ale to nie Korea Japonia
65%
ma drzewko świąteczne na fladze Liban
65%
należał do Jugosławi i graniczy z Słowenią Chorwacja
60%
te dwa kraje bałtyckie miały unie a jeden z nich ma trzy kolory na fladze Litwa
60%
Stolica ma jeden z lepszych klubów Hiszpania
58%
graniczy z Belgią i stolica nazywa się tak samo jak ten kraj Luksemburg
58%
Jest małym księstwem graniczącym tylko z Francją Monako
58%
45 226 km i jest krajem bałtyckim Estonia
53%
kraj który ma więcej terenów w azji niż w europie ale jest eurozjatycki Turcja
53%
tam jest Półwysep Bałkański Grecja
51%
ma 5 gwiazdek na fladze w azji Chiny
49%
ma kropkę na fladze ale to nie japonia Bangladesz
46%
Mówi się tam po Angielsku i ma też nazwe kontynentu taką samą Australia
39%
dwa małe kraje graniczą z nim w Europie Włochy
33%
kraj z dwoma stolicami Boliwia
32%
jest Demokracją Afrykańską jedyną Kongo
30%
Empirium tego kraju było od 1260 do 1305 i wtedy było jednym z większych w Azji Mongolia
30%
Największa Granica to Argentyna Chile
28%
ma trzy słowa jest w Azji Zjednoczone Emiraty Arabskie
28%
Państwo Nieuznawane przez Izrael Palestyna
28%
nie uważany za kraj tylko za kraj Serbia Kosowo
26%
na literke N i mówi się tam po Angielsku w Afryce Namibia
26%
Państwo Eurozjatyckie na G Gruzja
25%
ten kraj ma 36 197 km w Azji i jest wyspą Tajwan
19%
Stolicą jest Nikozja Północna Cypr Północny
18%
ten kraj ma 2 inne kraje które też się zaczynają jak on i jest jednym słowem Gwinea
18%
w trzech różnych częściach kraju są inne wybory Belgia
14%
Raz w roku robi się "Samanak" Afganistan
12%
początek stolicy to Saint w którejś z ameryk Antigua I Barbuda
9%
nie nosi się tam krótkich rzeczy shorty itp. Sudan
5%
7 325 000 ludności w Ameryce Pół. Honduras
4%
Nie znaleziono quizów pasujących do podanych kryteriów
Rozkład punktacji
Procent ludzi z każdym wynikiem
Percentyl według liczby udzielonych odpowiedzi
Twoja historia wyników
Nie rozwiązałeś tego quizu